[Event "World Chess Olympiad 2018"]
[Site "Batumi"]
[Date "2018.09.28"]
[Round "5"]
[Board "4"]
[WhiteFideId "11601426"]
[White "Bernotas Arturs"]
[BlackFideId "7600437"]
[Black "Issa Rafat"]
[Result "1-0"]
[LiveChessVersion "1.4.8"]
[BlackElo "2388"]
[WhiteElo "2408"]

1. e4 {[%clk 1:30:54]} c5 {[%clk 1:30:36]} 2. Nf3 {[%clk 1:31:07]} d6
{[%clk 1:30:43]} 3. Bb5+ {[%clk 1:31:16]} Nd7 {[%clk 1:31:01]} 4. d4
{[%clk 1:30:58]} cxd4 {[%clk 1:30:32]} 5. Qxd4 {[%clk 1:31:05]} a6
{[%clk 1:26:45]} 6. Bxd7+ {[%clk 1:31:04]} Bxd7 {[%clk 1:27:05]} 7. Nc3
{[%clk 1:31:17]} e5 {[%clk 1:25:22]} 8. Qd3 {[%clk 1:31:36]} Nf6 {[%clk 1:25:32]}
9. O-O {[%clk 1:28:07]} h6 {[%clk 1:22:26]} 10. Nd2 {[%clk 1:25:24]} b5
{[%clk 1:18:31]} 11. Rd1 {[%clk 1:20:01]} Qc7 {[%clk 1:14:00]} 12. Nf1
{[%clk 1:10:26]} Be7 {[%clk 1:12:01]} 13. Ne3 {[%clk 1:05:16]} Rc8
{[%clk 1:09:10]} 14. Bd2 {[%clk 1:02:15]} Be6 {[%clk 1:08:04]} 15. a4
{[%clk 0:56:23]} Bc4 {[%clk 1:03:57]} 16. Nxc4 {[%clk 0:54:46]} bxc4
{[%clk 1:04:22]} 17. Qg3 {[%clk 0:53:38]} g5 {[%clk 1:01:32]} 18. Qe3
{[%clk 0:49:01]} Qb7 {[%clk 0:52:12]} 19. Rab1 {[%clk 0:47:33]} Bd8
{[%clk 0:48:53]} 20. Be1 {[%clk 0:46:31]} Bb6 {[%clk 0:48:41]} 21. Qf3
{[%clk 0:46:13]} Qe7 {[%clk 0:48:14]} 22. Nd5 {[%clk 0:43:17]} Nxd5
{[%clk 0:46:11]} 23. Rxd5 {[%clk 0:43:33]} Bc5 {[%clk 0:44:22]} 24. Bd2
{[%clk 0:41:28]} O-O {[%clk 0:43:32]} 25. Be3 {[%clk 0:38:21]} Bxe3
{[%clk 0:43:35]} 26. Qxe3 {[%clk 0:38:13]} Rc6 {[%clk 0:42:27]} 27. Rbd1
{[%clk 0:36:27]} Rb8 {[%clk 0:38:30]} 28. Qa3 {[%clk 0:34:54]} Kg7
{[%clk 0:38:44]} 29. h3 {[%clk 0:32:59]} f6 {[%clk 0:38:46]} 30. Rxd6
{[%clk 0:17:23]} Rxd6 {[%clk 0:39:04]} 31. Rxd6 {[%clk 0:17:01]} Rxb2
{[%clk 0:36:34]} 32. Qxb2 {[%clk 0:16:11]} Qxd6 {[%clk 0:36:58]} 33. Qb7+
{[%clk 0:16:18]} Kf8 {[%clk 0:29:05]} 34. Qc8+ {[%clk 0:15:41]} Ke7
{[%clk 0:29:30]} 35. Qxc4 {[%clk 0:15:46]} Qd1+ {[%clk 0:29:57]} 36. Kh2
{[%clk 0:15:01]} Qd2 {[%clk 0:29:40]} 37. Qc5+ {[%clk 0:12:44]} Ke6
{[%clk 0:27:36]} 38. g3 {[%clk 0:11:46]} Qe2 {[%clk 0:24:57]} 39. Qc6+
{[%clk 0:10:46]} Kf7 {[%clk 0:24:12]} 40. Kg2 {[%clk 0:40:44]} h5
{[%clk 0:52:21]} 41. c4 {[%clk 0:35:13]} g4 {[%clk 0:48:34]} 42. hxg4
{[%clk 0:30:50]} hxg4 {[%clk 0:48:54]} 43. Qd5+ {[%clk 0:29:41]} Kg7
{[%clk 0:46:20]} 44. c5 {[%clk 0:29:41]} Qf3+ {[%clk 0:45:23]} 45. Kg1
{[%clk 0:30:01]} a5 {[%clk 0:44:23]} 46. c6 {[%clk 0:29:12]} Qc3 {[%clk 0:44:39]}
47. Qd7+ {[%clk 0:25:45]} Kh6 {[%clk 0:44:33]} 48. Qd5 {[%clk 0:15:10]} Kg6
{[%clk 0:33:42]} 49. Kh2 {[%clk 0:13:11]} Qc2 {[%clk 0:27:01]} 50. Kg2
{[%clk 0:13:25]} Qc3 {[%clk 0:26:45]} 51. Qd7 {[%clk 0:05:28]} Qf3+
{[%clk 0:23:26]} 52. Kg1 {[%clk 0:05:50]} Qxe4 {[%clk 0:23:49]} 53. c7
{[%clk 0:05:40]} Qe1+ {[%clk 0:18:10]} 54. Kg2 {[%clk 0:06:00]} Qe4+
{[%clk 0:18:14]} 55. Kh2 {[%clk 0:06:18]} Qc2 {[%clk 0:13:07]} 56. Qxg4+
{[%clk 0:06:06]} Kf7 {[%clk 0:13:14]} 57. c8=Q {[%clk 0:04:57]} 1-0

[Event "World Chess Olympiad 2018"]
[Site "Batumi"]
[Date "2018.09.28"]
[Round "5"]
[Board "1"]
[WhiteFideId "7000812"]
[White "Kojima Shinya"]
[BlackFideId "1700146"]
[Black "Wiedenkeller Michael"]
[Result "1-0"]
[LiveChessVersion "1.4.8"]
[BlackElo "2464"]
[WhiteElo "2408"]

1. Nf3 {[%clk 1:30:56]} d5 {[%clk 1:30:16]} 2. d4 {[%clk 1:31:21]} Nf6
{[%clk 1:30:32]} 3. c4 {[%clk 1:31:42]} e6 {[%clk 1:30:55]} 4. Nc3
{[%clk 1:32:09]} Bb4 {[%clk 1:30:51]} 5. Bg5 {[%clk 1:32:31]} h6 {[%clk 1:30:48]}
6. Bxf6 {[%clk 1:32:55]} Qxf6 {[%clk 1:31:03]} 7. e3 {[%clk 1:33:21]} O-O
{[%clk 1:30:40]} 8. Rc1 {[%clk 1:33:44]} dxc4 {[%clk 1:30:39]} 9. Bxc4
{[%clk 1:34:06]} c5 {[%clk 1:30:58]} 10. O-O {[%clk 1:34:22]} cxd4
{[%clk 1:31:13]} 11. Ne4 {[%clk 1:34:31]} Qe7 {[%clk 1:31:26]} 12. a3
{[%clk 1:34:44]} Ba5 {[%clk 1:29:57]} 13. Qxd4 {[%clk 1:34:54]} Nc6
{[%clk 1:18:17]} 14. Qc5 {[%clk 1:30:29]} Bd8 {[%clk 1:13:26]} 15. Rfd1
{[%clk 1:17:24]} Qxc5 {[%clk 1:09:48]} 16. Nxc5 {[%clk 1:17:46]} Bf6
{[%clk 1:09:28]} 17. Rc2 {[%clk 1:15:18]} Ne5 {[%clk 1:03:00]} 18. Be2
{[%clk 1:11:45]} Nxf3+ {[%clk 0:51:32]} 19. Bxf3 {[%clk 1:11:55]} Rb8
{[%clk 0:51:02]} 20. b4 {[%clk 0:59:39]} b6 {[%clk 0:47:52]} 21. Nd7
{[%clk 0:55:08]} Bxd7 {[%clk 0:48:07]} 22. Rxd7 {[%clk 0:55:34]} Rfc8
{[%clk 0:45:04]} 23. Rcc7 {[%clk 0:52:37]} Rxc7 {[%clk 0:43:15]} 24. Rxc7
{[%clk 0:53:03]} a5 {[%clk 0:42:55]} 25. g3 {[%clk 0:51:01]} Bb2 {[%clk 0:42:23]}
26. bxa5 {[%clk 0:51:14]} bxa5 {[%clk 0:42:43]} 27. a4 {[%clk 0:51:21]} Ba3
{[%clk 0:37:27]} 28. h4 {[%clk 0:47:09]} g6 {[%clk 0:37:16]} 29. h5
{[%clk 0:46:08]} g5 {[%clk 0:37:24]} 30. Bb7 {[%clk 0:44:44]} Kg7
{[%clk 0:36:05]} 31. Kg2 {[%clk 0:44:24]} Rd8 {[%clk 0:30:56]} 32. Bc6
{[%clk 0:43:07]} g4 {[%clk 0:28:36]} 33. Bb5 {[%clk 0:41:02]} Rd5
{[%clk 0:20:29]} 34. Be2 {[%clk 0:35:30]} Rg5 {[%clk 0:18:09]} 35. Rc4
{[%clk 0:34:13]} f5 {[%clk 0:10:09]} 36. Rc6 {[%clk 0:31:01]} e5 {[%clk 0:09:20]}
37. Rc7+ {[%clk 0:26:51]} Kh8 {[%clk 0:07:32]} 38. Rb7 {[%clk 0:16:22]} Bb4
{[%clk 0:05:18]} 39. Rb5 {[%clk 0:15:20]} Kg7 {[%clk 0:02:30]} 40. Rxe5
{[%clk 0:44:27]} Kf6 {[%clk 0:32:06]} 41. Rb5 {[%clk 0:43:47]} Bc3
{[%clk 0:29:33]} 42. Bd3 {[%clk 0:38:01]} Bb4 {[%clk 0:28:04]} 43. Bc2
{[%clk 0:36:41]} Bc3 {[%clk 0:25:08]} 44. Kf1 {[%clk 0:35:46]} Rxh5
{[%clk 0:23:44]} 45. e4 {[%clk 0:34:50]} Bd4 {[%clk 0:19:48]} 46. Rxa5
{[%clk 0:25:30]} Bxf2 {[%clk 0:20:00]} 47. Kxf2 {[%clk 0:25:06]} Rh2+
{[%clk 0:20:25]} 48. Ke3 {[%clk 0:25:14]} Rxc2 {[%clk 0:20:50]} 49. Rxf5+
{[%clk 0:24:59]} Kg6 {[%clk 0:21:03]} 50. Rd5 {[%clk 0:23:07]} h5
{[%clk 0:20:39]} 51. Rd2 {[%clk 0:21:51]} Rc4 {[%clk 0:20:05]} 52. Ra2
{[%clk 0:18:59]} Rc3+ {[%clk 0:16:22]} 53. Kf2 {[%clk 0:19:22]} Rf3+
{[%clk 0:13:33]} 54. Kg2 {[%clk 0:19:46]} Re3 {[%clk 0:13:32]} 55. a5
{[%clk 0:20:07]} Rxe4 {[%clk 0:13:56]} 56. a6 {[%clk 0:20:25]} Re8
{[%clk 0:14:06]} 57. a7 {[%clk 0:20:30]} Ra8 {[%clk 0:14:33]} 58. Ra5
{[%clk 0:18:29]} Kh6 {[%clk 0:14:55]} 59. Kf2 {[%clk 0:18:34]} Kg6
{[%clk 0:14:34]} 60. Ke3 {[%clk 0:18:51]} Kh6 {[%clk 0:14:25]} 61. Kf4
{[%clk 0:18:53]} Rf8+ {[%clk 0:13:49]} 62. Rf5 {[%clk 0:19:00]} Rg8
{[%clk 0:05:23]} 63. Rf6+ {[%clk 0:18:44]} Kh7 {[%clk 0:05:48]} 64. Ra6
{[%clk 0:18:44]} 1-0

[Event "World Chess Olympiad 2018"]
[Site "Batumi"]
[Date "2018.09.28"]
[Round "5"]
[Board "2"]
[WhiteFideId "4000102"]
[White "Berend Fred"]
[BlackFideId "7000634"]
[Black "Nanjo Ryosuke"]
[Result "1-0"]
[LiveChessVersion "1.4.8"]
[BlackElo "2324"]
[WhiteElo "2358"]

1. d4 {[%clk 1:30:56]} Nf6 {[%clk 1:30:55]} 2. c4 {[%clk 1:31:21]} g6
{[%clk 1:31:22]} 3. Nc3 {[%clk 1:31:47]} Bg7 {[%clk 1:31:50]} 4. e4
{[%clk 1:32:12]} d6 {[%clk 1:32:17]} 5. Be2 {[%clk 1:32:34]} O-O {[%clk 1:32:42]}
6. Nf3 {[%clk 1:33:01]} e5 {[%clk 1:33:07]} 7. O-O {[%clk 1:33:28]} Nc6
{[%clk 1:33:32]} 8. d5 {[%clk 1:33:55]} Ne7 {[%clk 1:33:58]} 9. Nd2
{[%clk 1:33:44]} a5 {[%clk 1:34:07]} 10. a3 {[%clk 1:33:25]} Nd7 {[%clk 1:34:10]}
11. Rb1 {[%clk 1:32:31]} f5 {[%clk 1:34:24]} 12. f3 {[%clk 1:31:05]} Kh8
{[%clk 1:30:30]} 13. b4 {[%clk 1:31:09]} f4 {[%clk 1:27:18]} 14. Bb2
{[%clk 1:29:45]} g5 {[%clk 1:26:59]} 15. Nb3 {[%clk 1:27:28]} axb4
{[%clk 1:27:17]} 16. axb4 {[%clk 1:27:51]} Nf6 {[%clk 1:25:20]} 17. c5
{[%clk 1:23:33]} Ng6 {[%clk 1:24:47]} 18. Na5 {[%clk 1:16:59]} Rg8
{[%clk 1:19:51]} 19. Ra1 {[%clk 1:16:38]} Rb8 {[%clk 1:17:57]} 20. h3
{[%clk 0:50:34]} h5 {[%clk 1:00:45]} 21. Kf2 {[%clk 0:46:38]} Nh4
{[%clk 0:58:53]} 22. Rh1 {[%clk 0:46:00]} Bf8 {[%clk 0:52:26]} 23. c6
{[%clk 0:33:41]} b6 {[%clk 0:52:34]} 24. Nc4 {[%clk 0:34:05]} Bh6
{[%clk 0:46:14]} 25. Bf1 {[%clk 0:28:14]} g4 {[%clk 0:45:15]} 26. hxg4
{[%clk 0:28:37]} hxg4 {[%clk 0:44:47]} 27. Rxh4 {[%clk 0:19:40]} Nxe4+
{[%clk 0:45:05]} 28. Nxe4 {[%clk 0:20:08]} Qxh4+ {[%clk 0:45:23]} 29. Ke2
{[%clk 0:20:16]} Bf5 {[%clk 0:38:26]} 30. Ncd2 {[%clk 0:20:17]} Bxe4
{[%clk 0:17:25]} 31. fxe4 {[%clk 0:13:20]} f3+ {[%clk 0:14:47]} 32. gxf3
{[%clk 0:13:35]} gxf3+ {[%clk 0:14:21]} 33. Kd3 {[%clk 0:11:52]} Rbf8
{[%clk 0:11:04]} 34. Bc1 {[%clk 0:06:45]} Qf2 {[%clk 0:08:25]} 35. Nb3
{[%clk 0:05:24]} Rf6 {[%clk 0:06:54]} 36. Bxh6 {[%clk 0:05:12]} Rxh6
{[%clk 0:07:22]} 37. Qd2 {[%clk 0:05:05]} Qh4 {[%clk 0:06:56]} 38. Ra2
{[%clk 0:02:56]} Rg4 {[%clk 0:02:41]} 39. Qe3 {[%clk 0:02:34]} Qf6
{[%clk 0:02:25]} 40. Rf2 {[%clk 0:32:48]} Rf4 {[%clk 0:30:43]} 41. Nd2
{[%clk 0:32:16]} Rhh4 {[%clk 0:27:33]} 42. Rxf3 {[%clk 0:27:58]} Rxf3
{[%clk 0:27:40]} 43. Qxf3 {[%clk 0:25:26]} Qxf3+ {[%clk 0:27:38]} 44. Nxf3
{[%clk 0:25:49]} Rg4 {[%clk 0:27:57]} 45. Ke3 {[%clk 0:25:44]} Rg3
{[%clk 0:19:52]} 46. Ba6 {[%clk 0:24:17]} Kg7 {[%clk 0:19:25]} 47. Kf2
{[%clk 0:23:59]} Rg4 {[%clk 0:19:28]} 48. Nd2 {[%clk 0:23:59]} Kf6
{[%clk 0:18:06]} 49. Kf3 {[%clk 0:21:56]} Rf4+ {[%clk 0:17:51]} 50. Ke3
{[%clk 0:22:06]} Ke7 {[%clk 0:18:01]} 51. Bc8 {[%clk 0:22:11]} Rf8
{[%clk 0:17:34]} 52. Bf5 {[%clk 0:22:15]} Ra8 {[%clk 0:17:37]} 53. Kd3
{[%clk 0:22:09]} Ra2 {[%clk 0:17:18]} 54. Kc3 {[%clk 0:21:35]} Kd8
{[%clk 0:16:11]} 55. Nb1 {[%clk 0:21:41]} Ra1 {[%clk 0:15:36]} 56. Kb2
{[%clk 0:22:08]} Ra4 {[%clk 0:16:00]} 57. Kb3 {[%clk 0:22:36]} Ra1
{[%clk 0:16:22]} 58. Nd2 {[%clk 0:19:25]} Rd1 {[%clk 0:16:02]} 59. Kc2
{[%clk 0:19:42]} Rg1 {[%clk 0:15:00]} 60. Kd3 {[%clk 0:16:37]} Rd1
{[%clk 0:14:50]} 61. Kc3 {[%clk 0:15:35]} Rc1+ {[%clk 0:14:38]} 62. Kb2
{[%clk 0:15:46]} Rg1 {[%clk 0:14:44]} 63. Kb3 {[%clk 0:11:20]} Rd1
{[%clk 0:14:55]} 64. Nc4 {[%clk 0:11:36]} Rc1 {[%clk 0:12:44]} 65. Ne3
{[%clk 0:11:54]} Re1 {[%clk 0:10:49]} 66. Ng4 {[%clk 0:12:05]} Re2
{[%clk 0:10:07]} 67. Kc4 {[%clk 0:12:18]} Ke7 {[%clk 0:10:14]} 68. Kb5
{[%clk 0:12:40]} Kd8 {[%clk 0:08:15]} 69. Nh6 {[%clk 0:12:25]} Ra2
{[%clk 0:07:26]} 70. Nf7+ {[%clk 0:12:46]} Ke7 {[%clk 0:07:54]} 71. Ng5
{[%clk 0:13:09]} Kd8 {[%clk 0:08:13]} 72. Bd7 {[%clk 0:13:06]} Ra7
{[%clk 0:08:06]} 73. Ne6+ {[%clk 0:13:14]} Ke7 {[%clk 0:08:34]} 74. Nxc7
{[%clk 0:11:08]} Rxc7 {[%clk 0:08:55]} 75. Kxb6 {[%clk 0:11:33]} 1-0

[Event "World Chess Olympiad 2018"]
[Site "Batumi"]
[Date "2018.09.28"]
[Round "5"]
[Board "3"]
[WhiteFideId "7000936"]
[White "Yamada Kohei"]
[BlackFideId "4001206"]
[Black "Linster Philippe"]
[Result "0-1"]
[LiveChessVersion "1.4.8"]
[BlackElo "2273"]
[WhiteElo "2128"]

1. e4 {[%clk 1:30:55]} e5 {[%clk 1:30:54]} 2. Nf3 {[%clk 1:31:19]} Nc6
{[%clk 1:31:20]} 3. Bb5 {[%clk 1:31:41]} a6 {[%clk 1:31:44]} 4. Ba4
{[%clk 1:32:06]} Nf6 {[%clk 1:32:09]} 5. d3 {[%clk 1:32:29]} d6 {[%clk 1:31:27]}
6. Nbd2 {[%clk 1:30:51]} g6 {[%clk 1:31:30]} 7. O-O {[%clk 1:30:40]} Bg7
{[%clk 1:31:54]} 8. Bxc6+ {[%clk 1:27:16]} bxc6 {[%clk 1:32:23]} 9. Nc4
{[%clk 1:27:29]} O-O {[%clk 1:30:51]} 10. Re1 {[%clk 1:25:51]} c5
{[%clk 1:23:29]} 11. h3 {[%clk 1:16:24]} h6 {[%clk 1:22:38]} 12. Bd2
{[%clk 1:15:29]} Be6 {[%clk 1:20:45]} 13. Qc1 {[%clk 1:11:30]} Kh7
{[%clk 1:19:49]} 14. Ne3 {[%clk 1:10:28]} Qd7 {[%clk 1:13:16]} 15. Nh2
{[%clk 1:00:18]} Nh5 {[%clk 0:56:22]} 16. Nc4 {[%clk 0:42:39]} f5
{[%clk 0:52:47]} 17. exf5 {[%clk 0:42:18]} gxf5 {[%clk 0:52:07]} 18. Qd1
{[%clk 0:40:42]} Qf7 {[%clk 0:49:28]} 19. Rb1 {[%clk 0:28:17]} Rg8
{[%clk 0:39:06]} 20. Qe2 {[%clk 0:23:23]} Rae8 {[%clk 0:38:11]} 21. Nf1
{[%clk 0:20:20]} Bf6 {[%clk 0:30:06]} 22. g3 {[%clk 0:14:07]} Rg7
{[%clk 0:22:26]} 23. Kh2 {[%clk 0:13:41]} Reg8 {[%clk 0:22:03]} 24. Nce3
{[%clk 0:04:26]} f4 {[%clk 0:18:01]} 25. Ng4 {[%clk 0:04:23]} Bxg4
{[%clk 0:16:50]} 26. hxg4 {[%clk 0:04:46]} Rxg4 {[%clk 0:17:06]} 27. Qf3
{[%clk 0:03:52]} Qg6 {[%clk 0:12:37]} 28. Qe4 {[%clk 0:02:44]} fxg3+
{[%clk 0:12:58]} 29. fxg3 {[%clk 0:03:01]} Rxe4 {[%clk 0:13:22]} 0-1

[Event "World Chess Olympiad 2018"]
[Site "Batumi"]
[Date "2018.09.28"]
[Round "5"]
[Board "4"]
[WhiteFideId "4000714"]
[White "Gengler Pierre"]
[BlackFideId "7001762"]
[Black "Otawa Yuto"]
[Result "1-0"]
[LiveChessVersion "1.4.8"]
[BlackElo "2161"]
[WhiteElo "2205"]

1. e4 {[%clk 1:30:58]} e6 {[%clk 1:30:38]} 2. d4 {[%clk 1:31:24]} d5
{[%clk 1:31:01]} 3. Nc3 {[%clk 1:31:50]} Bb4 {[%clk 1:31:23]} 4. exd5
{[%clk 1:32:15]} exd5 {[%clk 1:31:46]} 5. Bd3 {[%clk 1:32:40]} Nc6
{[%clk 1:31:53]} 6. a3 {[%clk 1:33:04]} Bxc3+ {[%clk 1:32:14]} 7. bxc3
{[%clk 1:33:30]} Nge7 {[%clk 1:32:32]} 8. Qh5 {[%clk 1:33:33]} Be6
{[%clk 1:32:50]} 9. Rb1 {[%clk 1:33:42]} b6 {[%clk 1:33:07]} 10. Ne2
{[%clk 1:33:39]} Qd7 {[%clk 1:30:00]} 11. O-O {[%clk 1:21:51]} O-O-O
{[%clk 1:26:43]} 12. Nf4 {[%clk 1:15:57]} g6 {[%clk 1:21:45]} 13. Qe2
{[%clk 1:15:27]} Bf5 {[%clk 1:16:01]} 14. Ba6+ {[%clk 1:10:04]} Kb8
{[%clk 1:16:22]} 15. Nd3 {[%clk 1:10:14]} Rde8 {[%clk 0:57:49]} 16. Nc5
{[%clk 1:08:01]} Qd6 {[%clk 0:56:10]} 17. Bb7 {[%clk 1:02:55]} Nd8
{[%clk 0:29:01]} 18. Qa6 {[%clk 0:59:50]} Nec6 {[%clk 0:20:12]} 19. Bf4
{[%clk 0:57:33]} Qf6 {[%clk 0:16:24]} 20. Rxb6 {[%clk 0:53:49]} 1-0

[Event "World Chess Olympiad 2018"]
[Site "Batumi"]
[Date "2018.09.28"]
[Round "5"]
[Board "1"]
[WhiteFideId "5500419"]
[White "Amdouni Zoubaier"]
[BlackFideId "503142"]
[Black "Nyback Tomi"]
[Result "1/2-1/2"]
[LiveChessVersion "1.4.8"]
[BlackElo "2579"]
[WhiteElo "2218"]

1. e4 {[%clk 1:30:53]} e5 {[%clk 1:30:51]} 2. Bc4 {[%clk 1:30:52]} Nf6
{[%clk 1:31:12]} 3. Nc3 {[%clk 1:31:06]} Nc6 {[%clk 1:30:41]} 4. d3
{[%clk 1:31:31]} Bc5 {[%clk 1:30:47]} 5. f4 {[%clk 1:31:06]} d5 {[%clk 1:30:46]}
6. Nxd5 {[%clk 1:30:23]} Ng4 {[%clk 1:29:26]} 7. f5 {[%clk 1:28:05]} h5
{[%clk 0:29:40]} 8. Nh3 {[%clk 1:21:48]} Na5 {[%clk 0:25:28]} 9. b4
{[%clk 1:07:21]} Nxc4 {[%clk 0:25:45]} 10. bxc5 {[%clk 1:05:52]} c6
{[%clk 0:26:08]} 11. dxc4 {[%clk 1:00:57]} cxd5 {[%clk 0:26:31]} 12. cxd5
{[%clk 0:57:48]} Qa5+ {[%clk 0:26:50]} 13. Qd2 {[%clk 0:57:03]} Qxc5
{[%clk 0:26:51]} 14. a4 {[%clk 0:53:27]} Bd7 {[%clk 0:21:26]} 15. Ng5
{[%clk 0:33:14]} Rc8 {[%clk 0:18:15]} 16. h3 {[%clk 0:33:17]} Nf6
{[%clk 0:16:05]} 17. Ba3 {[%clk 0:24:58]} Qc4 {[%clk 0:16:25]} 18. Qd3
{[%clk 0:21:28]} Qxc2 {[%clk 0:11:00]} 19. Qxc2 {[%clk 0:21:53]} Rxc2
{[%clk 0:11:22]} 20. O-O {[%clk 0:22:17]} h4 {[%clk 0:10:12]} 21. Rfc1
{[%clk 0:14:12]} Rxc1+ {[%clk 0:10:32]} 22. Rxc1 {[%clk 0:14:41]} Rh5
{[%clk 0:10:50]} 23. Ne6 {[%clk 0:15:03]} fxe6 {[%clk 0:06:44]} 24. fxe6
{[%clk 0:15:28]} Kd8 {[%clk 0:05:13]} 25. exd7 {[%clk 0:09:32]} Kxd7
{[%clk 0:05:37]} 26. d6 {[%clk 0:07:11]} Ne8 {[%clk 0:05:53]} 27. Rb1
{[%clk 0:06:24]} b6 {[%clk 0:03:51]} 28. a5 {[%clk 0:06:45]} Nxd6
{[%clk 0:03:23]} 29. axb6 {[%clk 0:07:07]} axb6 {[%clk 0:03:48]} 30. Bxd6
{[%clk 0:06:44]} Kxd6 {[%clk 0:04:10]} 31. Rxb6+ {[%clk 0:07:12]} Ke7
{[%clk 0:03:50]} 32. Kf2 {[%clk 0:05:55]} Rg5 {[%clk 0:04:09]} 33. Ra6
{[%clk 0:04:49]} Rg3 {[%clk 0:03:53]} 34. Rb6 {[%clk 0:04:59]} Kf7
{[%clk 0:03:11]} 35. Ra6 {[%clk 0:04:28]} Rb3 {[%clk 0:03:15]} 36. Rc6
{[%clk 0:04:30]} g6 {[%clk 0:02:16]} 37. Ra6 {[%clk 0:03:23]} Rg3
{[%clk 0:02:04]} 38. Rb6 {[%clk 0:03:45]} g5 {[%clk 0:01:58]} 39. Rh6
{[%clk 0:03:15]} Ke7 {[%clk 0:01:26]} 40. Rg6 {[%clk 0:33:04]} Kf7
{[%clk 0:31:38]} 41. Rh6 {[%clk 0:33:23]} Ra3 {[%clk 0:30:06]} 42. Rb6
{[%clk 0:30:52]} g4 {[%clk 0:27:42]} 43. hxg4 {[%clk 0:26:47]} Rg3
{[%clk 0:27:57]} 44. Rh6 {[%clk 0:25:33]} Rxg4 {[%clk 0:28:00]} 45. Kf3
{[%clk 0:25:43]} Rf4+ {[%clk 0:27:53]} 46. Ke3 {[%clk 0:26:06]} Ke7
{[%clk 0:27:22]} 47. Rg6 {[%clk 0:25:23]} 1/2-1/2

[Event "World Chess Olympiad 2018"]
[Site "Batumi"]
[Date "2018.09.28"]
[Round "5"]
[Board "2"]
[WhiteFideId "502081"]
[White "Karttunen Mika"]
[BlackFideId "5500796"]
[Black "Zaibi Amir"]
[Result "1/2-1/2"]
[LiveChessVersion "1.4.8"]
[BlackElo "2361"]
[WhiteElo "2472"]

1. c4 {[%clk 1:30:57]} Nf6 {[%clk 1:30:48]} 2. Nc3 {[%clk 1:31:15]} g6
{[%clk 1:31:03]} 3. g3 {[%clk 1:31:33]} Bg7 {[%clk 1:31:21]} 4. Bg2
{[%clk 1:31:55]} O-O {[%clk 1:31:23]} 5. e4 {[%clk 1:32:16]} c5 {[%clk 1:29:47]}
6. Nge2 {[%clk 1:32:30]} Nc6 {[%clk 1:29:54]} 7. O-O {[%clk 1:32:36]} Ne8
{[%clk 1:29:17]} 8. d3 {[%clk 1:31:51]} Nc7 {[%clk 1:29:23]} 9. Be3
{[%clk 1:26:53]} Ne6 {[%clk 1:29:42]} 10. Qd2 {[%clk 1:26:17]} d6
{[%clk 1:21:03]} 11. Bh6 {[%clk 1:25:18]} Rb8 {[%clk 1:14:50]} 12. Bxg7
{[%clk 1:24:44]} Kxg7 {[%clk 1:15:15]} 13. f4 {[%clk 1:21:28]} Ned4
{[%clk 1:15:37]} 14. f5 {[%clk 1:20:29]} f6 {[%clk 1:14:03]} 15. g4
{[%clk 1:18:20]} e6 {[%clk 1:09:13]} 16. fxe6 {[%clk 1:11:14]} Bxe6
{[%clk 1:09:19]} 17. h3 {[%clk 1:11:17]} a6 {[%clk 1:06:42]} 18. Nxd4
{[%clk 1:02:15]} Nxd4 {[%clk 1:06:47]} 19. Ne2 {[%clk 1:02:30]} Nc6
{[%clk 1:02:10]} 20. Rf2 {[%clk 0:58:55]} Qe7 {[%clk 0:57:58]} 21. b3
{[%clk 0:56:37]} b5 {[%clk 0:51:39]} 22. cxb5 {[%clk 0:55:52]} axb5
{[%clk 0:51:14]} 23. d4 {[%clk 0:56:15]} Bd7 {[%clk 0:44:45]} 24. Rd1
{[%clk 0:54:05]} Rbd8 {[%clk 0:40:36]} 25. Rc1 {[%clk 0:53:38]} Be8
{[%clk 0:37:59]} 26. Rcf1 {[%clk 0:50:35]} h6 {[%clk 0:36:14]} 27. Rc1
{[%clk 0:42:57]} Qa7 {[%clk 0:34:37]} 28. dxc5 {[%clk 0:36:44]} dxc5
{[%clk 0:35:27]} 29. Qe3 {[%clk 0:34:44]} Ne5 {[%clk 0:31:48]} 30. Nf4
{[%clk 0:34:59]} Bf7 {[%clk 0:30:22]} 31. Nd5 {[%clk 0:18:26]} Bxd5
{[%clk 0:24:06]} 32. exd5 {[%clk 0:18:52]} Rf7 {[%clk 0:24:30]} 33. Rcf1
{[%clk 0:14:17]} Rd6 {[%clk 0:23:04]} 34. Kh1 {[%clk 0:13:27]} c4
{[%clk 0:22:11]} 35. Qe4 {[%clk 0:09:47]} Qd7 {[%clk 0:17:48]} 36. bxc4
{[%clk 0:07:30]} bxc4 {[%clk 0:18:10]} 37. Rc2 {[%clk 0:06:34]} Ra6
{[%clk 0:13:49]} 38. Qd4 {[%clk 0:03:21]} Ra3 {[%clk 0:12:28]} 39. Rd1
{[%clk 0:02:42]} Qd6 {[%clk 0:11:04]} 40. Rf1 {[%clk 0:31:09]} Rd3
{[%clk 0:40:04]} 41. Qe4 {[%clk 0:25:10]} Qc5 {[%clk 0:35:14]} 42. Qf4
{[%clk 0:11:36]} c3 {[%clk 0:31:11]} 43. Re1 {[%clk 0:05:45]} Qd6
{[%clk 0:25:54]} 44. Qf1 {[%clk 0:05:14]} Rg3 {[%clk 0:21:41]} 45. Qf4
{[%clk 0:05:05]} Rd3 {[%clk 0:21:54]} 46. Qf1 {[%clk 0:05:30]} Rg3
{[%clk 0:17:42]} 47. Qf4 {[%clk 0:05:54]} Rd3 {[%clk 0:17:29]} 1/2-1/2

[Event "World Chess Olympiad 2018"]
[Site "Batumi"]
[Date "2018.09.28"]
[Round "5"]
[Board "3"]
[WhiteFideId "5500460"]
[White "Boudriga Mohamed Ali"]
[BlackFideId "501840"]
[Black "Agopov Mikael"]
[Result "0-1"]
[LiveChessVersion "1.4.8"]
[BlackElo "2447"]
[WhiteElo "2376"]

1. e4 {[%clk 1:30:35]} c5 {[%clk 1:30:56]} 2. b3 {[%clk 1:29:53]} g6
{[%clk 1:25:42]} 3. Bb2 {[%clk 1:28:00]} Nf6 {[%clk 1:26:08]} 4. e5
{[%clk 1:11:24]} Nd5 {[%clk 1:26:34]} 5. h4 {[%clk 1:02:30]} Bg7 {[%clk 1:20:24]}
6. h5 {[%clk 1:02:37]} d6 {[%clk 1:19:26]} 7. Qf3 {[%clk 0:52:57]} dxe5
{[%clk 1:17:04]} 8. Bb5+ {[%clk 0:50:58]} Nc6 {[%clk 1:15:49]} 9. Bxc6+
{[%clk 0:46:32]} bxc6 {[%clk 1:16:15]} 10. hxg6 {[%clk 0:45:34]} hxg6
{[%clk 1:16:38]} 11. Rxh8+ {[%clk 0:45:49]} Bxh8 {[%clk 1:17:04]} 12. Qg3
{[%clk 0:46:06]} Nf4 {[%clk 1:05:23]} 13. Qh2 {[%clk 0:27:52]} Bf6
{[%clk 0:43:36]} 14. Nf3 {[%clk 0:24:39]} Qd6 {[%clk 0:42:56]} 15. Nc3
{[%clk 0:19:28]} Bf5 {[%clk 0:43:17]} 16. g3 {[%clk 0:18:17]} Ne6
{[%clk 0:41:13]} 17. O-O-O {[%clk 0:16:26]} Nd4 {[%clk 0:41:09]} 18. Nxd4
{[%clk 0:16:32]} cxd4 {[%clk 0:38:28]} 19. Na4 {[%clk 0:15:08]} e4
{[%clk 0:37:57]} 20. Qg2 {[%clk 0:15:12]} Bg4 {[%clk 0:35:55]} 21. Re1
{[%clk 0:14:14]} Bf3 {[%clk 0:36:10]} 22. Qf1 {[%clk 0:14:37]} Rd8
{[%clk 0:29:06]} 23. d3 {[%clk 0:11:10]} Bg5+ {[%clk 0:26:50]} 24. Kb1
{[%clk 0:11:18]} Bd2 {[%clk 0:27:04]} 25. Bc1 {[%clk 0:06:21]} Bxe1
{[%clk 0:23:17]} 26. Qxe1 {[%clk 0:06:49]} Qd5 {[%clk 0:20:03]} 27. Ba3
{[%clk 0:05:08]} Qe5 {[%clk 0:17:06]} 28. Bc5 {[%clk 0:02:12]} a6
{[%clk 0:11:06]} 29. Qd2 {[%clk 0:01:03]} exd3 {[%clk 0:10:13]} 30. cxd3
{[%clk 0:01:01]} Qe2 {[%clk 0:09:42]} 31. Qh6 {[%clk 0:01:07]} Qxd3+
{[%clk 0:09:57]} 32. Kb2 {[%clk 0:01:30]} Qe2+ {[%clk 0:08:57]} 33. Ka3
{[%clk 0:01:49]} Qe5 {[%clk 0:09:18]} 34. Bb4 {[%clk 0:00:49]} c5
{[%clk 0:07:07]} 35. Bd2 {[%clk 0:00:36]} Bc6 {[%clk 0:06:37]} 36. Nb2
{[%clk 0:00:51]} Bb5 {[%clk 0:06:25]} 37. Bf4 {[%clk 0:00:48]} Qf6
{[%clk 0:05:43]} 38. Bg5 {[%clk 0:00:47]} Qb6 {[%clk 0:05:12]} 39. Bd2
{[%clk 0:00:33]} a5 {[%clk 0:02:47]} 40. Qg7 {[%clk 0:30:51]} Qf6
{[%clk 0:31:06]} 41. Qh6 {[%clk 0:29:19]} c4 {[%clk 0:28:32]} 42. Nxc4
{[%clk 0:29:13]} Bxc4 {[%clk 0:28:56]} 43. bxc4 {[%clk 0:29:37]} Rb8
{[%clk 0:27:05]} 44. c5 {[%clk 0:02:25]} d3 {[%clk 0:26:57]} 0-1